00438nam a2200157Ia 4500999001700000003000400017005001700021008004100038040000900079082001800088100002100106245005700127260004600184300000800230942004200238 c19381d19381OSt20200626152450.0190216s9999||||xx |||||||||||||| ||und|| coclc a954.83bCHO/S aChopra, P N9632 0aA Social And Cultural History Of India /cP N Chopra bSterling Publications,c1979.aNew Delhi: a409 cBK2ddch954.83iCHO/Sk954.83mCHO/S